000 00225nam a22001097a 4500
041 _aENG
245 _aWhat's Best
260 _aIillinois
_bLindo Systems INC.
_c1998
300 _a297
650 _aComputer
856 _uComputer
999 _c739
_d739